000 00759nam a2200265Ia 4500
003 OSt
005 20220925215634.0
006 a|||||r|||| 00| 0
007 ta
008 220923b |||||||| |||| 00| 0 eng d
020 _a18615221553
037 _cGeneral Book
040 _aRTL
_cRTL
_beng
041 _2eng
_aeng
082 _aX:51b4, N9
100 _aKent Raymond
_935232
245 0 _aMarketing research
_b Measurement, method and applic
260 _aLondon
_bI T P
_c1999
300 _axiv, 334p
_ccm.
500 _aBibliography: P 330-32; Appendix: p 307-329
650 _a Research Methodology
_9237789
650 _aMarketing
_915998
942 _hX:51b4, N9
_cGB
_2CC
999 _c569315
_d569315